| 000 | 01049nam0a22002771 4500 | ||
|---|---|---|---|
| 001 | v19\rc\1742240 | ||
| 005 | 20061204152140.5 | ||
| 035 | _a(NLR Aleph) 004849050 | ||
| 090 |
_a4901901 _c4901901 |
||
| 100 | _a20061204d1902 |||y0rusy50 ca | ||
| 101 | 0 | _arus | |
| 102 | _aRU | ||
| 105 | _ay z ||||| | ||
| 200 | 1 |
_aУстав Частной женской лечебницы с родильным отделением женщины-врача С.Д. Клейф в г. Харькове _e[Утв. 15 сент. 1902 г.] |
|
| 210 |
_aХарьков _dценз. 1902 |
||
| 215 |
_a8 с. _d16 |
||
| 309 | _aБез тит. л. и обл. | ||
| 702 | 1 |
_aКлейф _bС. Д. _gСофия Давидовна _4570 |
|
| 710 | 0 | 2 |
_aЖенская лечебница с родильным отделением женщины-врача С.Д. Клейф _cХарьков |
| 801 | 0 |
_aRU _bNLR _gpsbo |
|
| 801 | 0 |
_aRU _bRuMoRGB _2psbo |
|
| 801 | 1 |
_aRU _bProSoft-M _2rusmarc |
|
| 852 |
_aNLR _j34.82.8.1527 |
||
| 899 |
_aRuMoRGB _jГр |
||
| 942 | _cBOOK | ||
| 980 | _aNB | ||